|
|
|
|
| LEADER |
00000nam a2200000 i 4500 |
| 001 |
1/67996 |
| 008 |
041209s2004 gre d |
| 020 |
|
|
|a 960-04-2544-2
|
| 035 |
|
|
|l 10075692
|
| 040 |
|
|
|a GR-MY-UA
|b gre
|e aacr
|
| 041 |
0 |
|
|a gre
|
| 082 |
0 |
|
|a 808.0683
|2 (21)
|
| 100 |
1 |
|
|a Ζορμπά-Ραμμοπούλου, Βησσαρία.
|
| 245 |
1 |
0 |
|a Καλοκαιρινό μπουρίνι /
|c Βησσαρία Ζορμπά-Ραμμοπούλου
|
| 260 |
|
|
|a Αθήνα :
|b Κέδρος,
|c 2004
|
| 300 |
|
|
|a 191 σ.;
|c 21 εκ.
|
| 500 |
|
|
|a Περιπέτεια
|
| 650 |
0 |
0 |
|a Young adult fiction.
|
| 650 |
0 |
0 |
|a Young adult literature.
|
| 852 |
|
|
|a INST
|b RHODES
|e 20041209
|h 808.0683 ΖΟΡ
|p 005400018090
|q 005400018090
|t BK
|y 0
|
| 901 |
|
|
|a BIBL4-2005-1
|
| 909 |
|
|
|a Ρ
|b 110235
|
| 922 |
|
|
|a 4ΕΛΗ
|b 200412
|c ΒΙΒΛΙΟΘΗΚΗ
|d ΔΕΝΤΡΟ
|
| 950 |
|
|
|a 094
|
| 970 |
|
|
|a ΤΣΟΥΝΟΥ
|b ΤΣΑΜΠΙΚΑ
|z 2005/01/28
|